| Registos Bibliográficos associados ao registo de autoridade |
|
Etiqueta de registo: 00254nam 2200025 450 001 2284493 003 http://id.bnportugal.gov.pt/bib/catbnp/2284493 100 ## $a20260415d2025 k y0pory01030103ba 101 0# $aeng$dpor 102 ## $aPT 105 ## $ay m 000yy 106 ## $ar 200 1# $aUnderstanding and facilitating SNS use reduction$e a multi-method investigation of psychological and behavioral mechanisms$fPedro Eduardo Facho do Nascimento$gsupervisor Tiago André Gonçalves Félix de Oliveira, Joana Paisana Pires Costa das
Neves 210 #9 $aLisboa$c[s.n.],$d2025 215 ## $aXV, 190 p.$d30 cm 328 #1 $aTese dout. Information Management, Instituto Superior de Estatística e Gestão de Informação,
Universidade Nova de Lisboa, 2025 700 #1 $aNascimento,$bPedro Eduardo Facho do$31995834 702 #1 $aOliveira,$bTiago André Gonçalves Félix de$4727$31492271 702 #1 $aNeves,$bJoana Paisana Pires Costa das$4727$31943112 801 #0 $aPT$bBN$gRPC 966 ## $lBN$mFGMON$x1 971 ## $cabrito$d20260415
|
|
|